Ограничение дееспособности вследствие психического расстройства. Недееспособность. Опекуны и попечители: как осуществлять права и исполнять обязанности (Запись № 12468086)

Подробности
000 -МАРКЕР
контрольное поле 02316nam0a2200397 4500
001 - ИДЕНТИФИКАТОР ЗАПИСИ
контрольное поле RU\NLR\BIBL_A\012863869
005 - ИДЕНТИФИКАТОР ВЕРСИИ
контрольное поле 20250624185550.0
010 ## - МЕЖДУНАРОДНЫЙ СТАНДАРТНЫЙ НОМЕР КНИГИ (ISBN)
Номер (ISBN) 978-5-4212-0632-3
035 ## - ДРУГИЕ СИСТЕМНЫЕ НОМЕРА
Идентификатор записи (NLR Aleph) 012863869
100 ## - ДАННЫЕ ОБЩЕЙ ОБРАБОТКИ
Данные общей обработки 20220810d2021 |||y0rusy50 ca
101 0# - ЯЗЫК РЕСУРСА
Язык текста, звукозаписи и т.д. русский
102 ## - СТРАНА ПУБЛИКАЦИИ ИЛИ ПРОИЗВОДСТВА
Страна публикации Российская Федерация
105 ## - ПОЛЕ КОДИРОВАННЫХ ДАННЫХ: ТЕКСТОВЫЕ МАТЕРИАЛЫ, МОНОГРАФИЧЕСКИЕ
Кодированные данные о монографическом текстовом документе y z 000yy
181 #0 - ПОЛЕ КОДИРОВАННЫХ ДАННЫХ: ВИД СОДЕРЖАНИЯ
Код вида содержания (ISBD) i
Код характеристики содержания (ISBD) axxe
182 #0 - ПОЛЕ КОДИРОВАННЫХ ДАННЫХ: ТИП СРЕДСТВА
Код типа средства (ISBD) n - непосредственное
200 1# - ЗАГЛАВИЕ И СВЕДЕНИЯ ОБ ОТВЕТСТВЕННОСТИ
Основное заглавие Ограничение дееспособности вследствие психического расстройства. Недееспособность. Опекуны и попечители: как осуществлять права и исполнять обязанности
Первые сведения об ответственности Е. Ю. Заблоцкис
Последующие сведения об ответственности [Центр лечебной педагогики "Особое детство"]
203 ## - ВИД СОДЕРЖАНИЯ И ТИП СРЕДСТВА
Вид содержания Текст
Дополнительные сведения об издании визуальный
Тип средства непосредственный
210 ## - ПУБЛИКАЦИЯ, РАСПРОСТРАНЕНИЕ И ДР.
Место издания, распространения и т.д. Москва
Имя издателя, распространителя и т. д. Теревинф
Дата издания, распространения и т.д. 2021
215 ## - ФИЗИЧЕСКАЯ ХАРАКТЕРИСТИКА
Специфическое обозначение материала и объем 247 с.
Размеры 21
300 ## - ОБЩИЕ ПРИМЕЧАНИЯ
Текст примечания Загл. корешка: Ограничение дееспособности. Недееспособность. Опекуны и попечители
320 ## - ПРИМЕЧАНИЯ О НАЛИЧИИ В ДОКУМЕНТЕ БИБЛИОГРАФИИ / УКАЗАТЕЛЯ
Текст примечания Библиогр. в тексте и в подстроч. примеч.
516 1# - ЗАГЛАВИЕ НА КОРЕШКЕ [ИЗДАНИЯ]
Заглавие на корешке Ограничение дееспособности. Недееспособность. Опекуны и попечители
517 1# - ДРУГИЕ ВАРИАНТЫ ЗАГЛАВИЯ
Вариант заглавия Недееспособность. Опекуны и попечители: как осуществлять права и исполнять обязанности
606 1# - НАИМЕНОВАНИЕ ТЕМЫ КАК ПРЕДМЕТ
Наименование темы Психически больные
Тематический подзаголовок Правовое положение
Географический подзаголовок Российская Федерация
Системный номер авторитетной/нормативной записи 2247195
Идентификатор авторитетной/нормативной записи RU\NLR\AUTH\6601579013
606 1# - НАИМЕНОВАНИЕ ТЕМЫ КАК ПРЕДМЕТ
Наименование темы Дееспособность
Тематический подзаголовок Ограничение
Географический подзаголовок Российская Федерация
Системный номер авторитетной/нормативной записи 2134371
Идентификатор авторитетной/нормативной записи RU\NLR\AUTH\661591482
606 1# - НАИМЕНОВАНИЕ ТЕМЫ КАК ПРЕДМЕТ
Наименование темы Опека
Географический подзаголовок Российская Федерация
Системный номер авторитетной/нормативной записи 2095322
Идентификатор авторитетной/нормативной записи RU\NLR\AUTH\661267819
606 1# - НАИМЕНОВАНИЕ ТЕМЫ КАК ПРЕДМЕТ
Наименование темы Попечительство
Географический подзаголовок Российская Федерация
Системный номер авторитетной/нормативной записи 2184408
Идентификатор авторитетной/нормативной записи RU\NLR\AUTH\661313390
686 1# - ИНДЕКСЫ ДРУГИХ КЛАССИФИКАЦИЙ
Индекс Х620.32
686 1# - ИНДЕКСЫ ДРУГИХ КЛАССИФИКАЦИЙ
Индекс Х623.011.21
686 1# - ИНДЕКСЫ ДРУГИХ КЛАССИФИКАЦИЙ
Индекс Х624.6
700 #1 - ИМЯ ЛИЦА - ПЕРВИЧНАЯ ОТВЕТСТВЕННОСТЬ
Начальный элемент ввода Заблоцкис
Часть имени, кроме начального элемента ввода Е. Ю.
Расширение инициалов личного имени Елена Юрьевна
942 ## - ДОПОЛНИТЕЛЬНЫЕ ЭЛЕМЕНТЫ ЗАПИСИ (АБИС)
Тип экземпляра АБИС Книга
980 ## - КОЛЛЕКЦИЯ
Название коллекции Национальная библиография
Экземпляры
Тип экземпляра Дата поступления Источник поступления Стоимость Библиотека постоянного хранения Библиотека текущего хранения Место хранения Шифр хранения Штрих-код Статус экземпляра
Книга 10.08.2022 Покупка 755.00 РНБ (Московский) РНБ (Московский) Русский книжный фонд: издания с 1957 года 2024-3/2295 1-4401142